[Event "Bundesliga 9596"]
[Site "Deutschland"]
[Date "1996.??.??"]
[Round "?.6"]
[White "Rupp, Markus"]
[Black "Hickl, Joerg"]
[Result "0-1"]
[WhiteElo "2330"]
[BlackElo "2580"]
[PlyCount "74"]
[EventDate "1995.10.??"]
[EventType "team"]
[EventRounds "15"]
[EventCountry "GER"]
[SourceTitle "Bundesliga 9596"]
[Source "DeepChess"]
[SourceDate "2005.01.01"]
[SourceVersion "1"]
[SourceVersionDate "2005.01.01"]
[SourceQuality "1"]
[WhiteTeam "SC 1868 Bamberg e.V."]
[BlackTeam "SG Porz e.V."]
[WhiteTeamCountry "GER"]
[BlackTeamCountry "GER"]

1. d4 d6 2. c4 e5 3. Nf3 e4 4. Ng5 f5 5. Nc3 h6 6. Nh3 g5 7. e3 Bg7 8. Ng1 Nf6
9. h4 Kf7 10. b3 c6 11. Be2 g4 12. Bb2 c5 13. dxc5 dxc5 14. Qxd8 Rxd8 15. Rd1
Rxd1+ 16. Bxd1 Nc6 17. Nge2 Nh5 18. Bc2 Nb4 19. Kd2 Nxa2 20. Na4 Bxb2 21. Nxb2
Bd7 22. Nc3 Nxc3 23. Kxc3 Nf6 24. g3 Ke6 25. Rd1 Bc6 26. Na4 Nd7 27. b4 cxb4+
28. Kxb4 b6 29. Bb3 Ke5 30. Rd2 Rb8 31. Rd1 Nf8 32. Rd2 Ne6 33. Rd1 Rd8 34.
Rxd8 Nxd8 35. c5 a5+ 36. Kc3 b5 37. Nb6 Nb7 0-1

[Event "Bundesliga 9596"]
[Site "Deutschland"]
[Date "1996.??.??"]
[Round "?.7"]
[White "Vogt, Lothar"]
[Black "Held, Markus"]
[Result "1-0"]
[WhiteElo "2490"]
[BlackElo "2205"]
[PlyCount "59"]
[EventDate "1995.10.??"]
[EventType "team"]
[EventRounds "15"]
[EventCountry "GER"]
[SourceTitle "Bundesliga 9596"]
[Source "DeepChess"]
[SourceDate "2005.01.01"]
[SourceVersion "1"]
[SourceVersionDate "2005.01.01"]
[SourceQuality "1"]
[WhiteTeam "SG Porz e.V."]
[BlackTeam "SC 1868 Bamberg e.V."]
[WhiteTeamCountry "GER"]
[BlackTeamCountry "GER"]

1. e4 e5 2. Nf3 Nc6 3. Bb5 a6 4. Ba4 Nf6 5. O-O Be7 6. Bxc6 dxc6 7. d3 Qd6 8.
b3 Nd7 9. Nbd2 b5 10. Bb2 Bf6 11. Re1 c5 12. Nf1 Bb7 13. c3 O-O 14. Qc2 Nb8 15.
d4 cxd4 16. cxd4 Nc6 17. d5 Ne7 18. Ne3 c6 19. Rad1 cxd5 20. exd5 Rac8 21. Qe4
Rfd8 22. Bxe5 Bxe5 23. Nxe5 Nxd5 24. Nf5 Qf6 25. Ng4 Qg5 26. Nd6 Nf4 27. Qxb7
Qxg4 28. Qxf7+ Kh8 29. Qb7 Rc2 30. Nf7+ 1-0

[Event "Bundesliga 9596"]
[Site "Deutschland"]
[Date "1996.??.??"]
[Round "?.8"]
[White "Beuchler, Holger"]
[Black "Mainka, Romuald"]
[Result "0-1"]
[WhiteElo "2185"]
[BlackElo "2495"]
[PlyCount "62"]
[EventDate "1995.10.??"]
[EventType "team"]
[EventRounds "15"]
[EventCountry "GER"]
[SourceTitle "Bundesliga 9596"]
[Source "DeepChess"]
[SourceDate "2005.01.01"]
[SourceVersion "1"]
[SourceVersionDate "2005.01.01"]
[SourceQuality "1"]
[WhiteTeam "SC 1868 Bamberg e.V."]
[BlackTeam "SG Porz e.V."]
[WhiteTeamCountry "GER"]
[BlackTeamCountry "GER"]

1. e4 c5 2. Nf3 d6 3. d4 cxd4 4. Nxd4 Nf6 5. Nc3 Nc6 6. Bg5 e6 7. Qd2 a6 8.
O-O-O h6 9. Bf4 Bd7 10. Nb3 b5 11. f3 Ne5 12. a3 Qc7 13. h4 Be7 14. Be2 Nc4 15.
Bxc4 bxc4 16. Na1 e5 17. Be3 Rb8 18. Nd5 Nxd5 19. exd5 O-O 20. c3 Bf5 21. g4
Bh7 22. Nc2 a5 23. f4 Be4 24. Rh2 Rb3 25. Na1 Rb5 26. Qe1 Bf3 27. Rdd2 Bxg4 28.
Qg3 h5 29. f5 Qb7 30. Rhf2 Rxd5 31. Rxd5 Qxd5 0-1

[Event "Bundesliga 9596"]
[Site "Deutschland"]
[Date "1995.??.??"]
[Round "?.1"]
[White "Pribyl, Martin"]
[Black "Ribli, Zoltan"]
[Result "1/2-1/2"]
[WhiteElo "2390"]
[BlackElo "2590"]
[PlyCount "36"]
[EventDate "1995.10.??"]
[EventType "team"]
[EventRounds "15"]
[EventCountry "GER"]
[SourceTitle "Bundesliga 9596"]
[Source "DeepChess"]
[SourceDate "2005.01.01"]
[SourceVersion "1"]
[SourceVersionDate "2005.01.01"]
[SourceQuality "1"]
[WhiteTeam "SC 1868 Bamberg e.V."]
[BlackTeam "SK Passau 1869"]
[WhiteTeamCountry "GER"]
[BlackTeamCountry "GER"]

1. d4 Nf6 2. c4 e6 3. Nc3 Bb4 4. Qc2 O-O 5. a3 Bxc3+ 6. Qxc3 b6 7. Bg5 Bb7 8.
f3 h6 9. Bh4 d5 10. e3 Nbd7 11. Nh3 Re8 12. Bd3 c5 13. cxd5 cxd4 14. Qxd4 e5
15. Qb4 Nc5 16. Bc2 g5 17. Nxg5 a5 18. Qd2 hxg5 1/2-1/2

[Event "Bundesliga 9596"]
[Site "Deutschland"]
[Date "1995.??.??"]
[Round "?.2"]
[White "Smejkal, Jan"]
[Black "Pribyl, Josef"]
[Result "0-1"]
[WhiteElo "2520"]
[BlackElo "2405"]
[PlyCount "80"]
[EventDate "1995.10.??"]
[EventType "team"]
[EventRounds "15"]
[EventCountry "GER"]
[SourceTitle "Bundesliga 9596"]
[Source "DeepChess"]
[SourceDate "2005.01.01"]
[SourceVersion "1"]
[SourceVersionDate "2005.01.01"]
[SourceQuality "1"]
[WhiteTeam "SK Passau 1869"]
[BlackTeam "SC 1868 Bamberg e.V."]
[WhiteTeamCountry "GER"]
[BlackTeamCountry "GER"]

1. c4 g6 2. e4 Bg7 3. d4 d6 4. Nc3 e5 5. Nge2 Nc6 6. Be3 Nf6 7. d5 Ne7 8. f3
Nd7 9. Qd2 f5 10. Nc1 O-O 11. Nd3 b6 12. Be2 a5 13. b3 Kh8 14. a3 Ng8 15. Rb1
Rf7 16. exf5 gxf5 17. f4 Ngf6 18. O-O Ne4 19. Nxe4 fxe4 20. Nf2 exf4 21. Bxf4
Nf6 22. Bg5 Bf5 23. Ng4 e3 24. Qxe3 Bxb1 25. Rxb1 Qe8 26. Qd3 Ne4 27. Be3 Nc3
28. Re1 Nxe2+ 29. Rxe2 Qf8 30. Rd2 Re8 31. Bf2 h5 32. Ne3 Qe7 33. Nf1 Ref8 34.
h3 Qe5 35. Ne3 Bh6 36. Nc2 Bxd2 37. Bd4 Rf1+ 38. Qxf1 Be3+ 39. Bxe3 Rxf1+ 40.
Kxf1 Qf5+ 0-1

[Event "Bundesliga 9596"]
[Site "Deutschland"]
[Date "1995.??.??"]
[Round "?.3"]
[White "Kurz, Alexander"]
[Black "Schlosser, Philipp"]
[Result "0-1"]
[WhiteElo "2350"]
[BlackElo "2500"]
[PlyCount "74"]
[EventDate "1995.10.??"]
[EventType "team"]
[EventRounds "15"]
[EventCountry "GER"]
[SourceTitle "Bundesliga 9596"]
[Source "DeepChess"]
[SourceDate "2005.01.01"]
[SourceVersion "1"]
[SourceVersionDate "2005.01.01"]
[SourceQuality "1"]
[WhiteTeam "SC 1868 Bamberg e.V."]
[BlackTeam "SK Passau 1869"]
[WhiteTeamCountry "GER"]
[BlackTeamCountry "GER"]

1. e4 c5 2. Nf3 d6 3. d4 cxd4 4. Nxd4 Nf6 5. Nc3 a6 6. f4 e6 7. Qf3 Qb6 8. Nb3
Qc7 9. a4 b6 10. Bd3 Bb7 11. O-O g6 12. Bd2 Bg7 13. Rae1 Nbd7 14. Kh1 O-O 15.
Qh3 d5 16. exd5 Nxd5 17. Ne4 Rad8 18. c3 Nc5 19. Nbxc5 bxc5 20. Ng5 Nf6 21. f5
exf5 22. Bf4 Qc6 23. Bc4 h6 24. Ne6 Nh5 25. Nxd8 Rxd8 26. Bc1 Qxa4 27. Qh4 Kh7
28. Qxd8 Qxc4 29. Qd7 Be4 30. Qd6 Nf6 31. Be3 Bd3 32. Rf3 Ne4 33. Qc7 Be2 34.
Kg1 Bxf3 35. gxf3 Ng5 36. Kf2 Qd5 37. Bxg5 hxg5 0-1

[Event "Bundesliga 9596"]
[Site "Deutschland"]
[Date "1995.??.??"]
[Round "?.5"]
[White "Huemmer, Bernd"]
[Black "Pichler, Juergen"]
[Result "0-1"]
[WhiteElo "2280"]
[BlackElo "2420"]
[PlyCount "54"]
[EventDate "1995.10.??"]
[EventType "team"]
[EventRounds "15"]
[EventCountry "GER"]
[SourceTitle "Bundesliga 9596"]
[Source "DeepChess"]
[SourceDate "2005.01.01"]
[SourceVersion "1"]
[SourceVersionDate "2005.01.01"]
[SourceQuality "1"]
[WhiteTeam "SC 1868 Bamberg e.V."]
[BlackTeam "SK Passau 1869"]
[WhiteTeamCountry "GER"]
[BlackTeamCountry "GER"]

1. d4 e6 2. Nf3 f5 3. Nc3 d5 4. Bf4 Nf6 5. e3 Bb4 6. Nd2 O-O 7. Nb5 Ba5 8. c3
c6 9. Na3 Nbd7 10. Bd3 Qe7 11. Qa4 Bd8 12. Nf3 b5 13. Qd1 Ne4 14. Nc2 g5 15.
Bxe4 fxe4 16. Nxg5 e5 17. dxe5 Nxe5 18. Bxe5 Qxe5 19. f4 Qg7 20. h4 h6 21. Qe2
hxg5 22. hxg5 Bxg5 23. fxg5 Qxg5 24. Kd2 Bg4 25. Qe1 Rf6 26. Qg3 Raf8 27. Rae1
Rf2+ 0-1

[Event "Bundesliga 9596"]
[Site "Deutschland"]
[Date "1995.??.??"]
[Round "?.6"]
[White "Baumhus, Reinhard"]
[Black "Krauseneck, Peter"]
[Result "1-0"]
[WhiteElo "2360"]
[BlackElo "2295"]
[PlyCount "75"]
[EventDate "1995.10.??"]
[EventType "team"]
[EventRounds "15"]
[EventCountry "GER"]
[SourceTitle "Bundesliga 9596"]
[Source "DeepChess"]
[SourceDate "2005.01.01"]
[SourceVersion "1"]
[SourceVersionDate "2005.01.01"]
[SourceQuality "1"]
[WhiteTeam "SK Passau 1869"]
[BlackTeam "SC 1868 Bamberg e.V."]
[WhiteTeamCountry "GER"]
[BlackTeamCountry "GER"]

1. e4 e6 2. Nf3 d5 3. e5 c5 4. d4 cxd4 5. Bd3 Bc5 6. O-O f5 7. a3 a5 8. a4 Ne7
9. Na3 O-O 10. Nb5 Nbc6 11. Re1 h6 12. b3 Ng6 13. g3 Bd7 14. Bb2 Qb6 15. Ba3
Nb4 16. Bb2 Bxb5 17. axb5 Rfc8 18. Qd2 Nf8 19. Red1 Kf7 20. Kg2 Nxd3 21. Qxd3
Nd7 22. Qe2 d3 23. Rxd3 Qxb5 24. Nh4 Kg8 25. g4 fxg4 26. Qxg4 Nf8 27. Rg3 Rc7
28. Bc1 Rf7 29. Bxh6 Rxf2+ 30. Kh3 Kf7 31. c4 Qc6 32. Qh5+ g6 33. Nxg6 Nxg6 34.
Rxg6 Ke7 35. cxd5 Qxd5 36. Rg7+ Kd8 37. Rd1 Bd4 38. Bg5+ 1-0

[Event "Bundesliga 9596"]
[Site "Deutschland"]
[Date "1995.??.??"]
[Round "?.8"]
[White "Schlingensiepen, Christian"]
[Black "Bucka, Reinhard"]
[Result "1-0"]
[WhiteElo "2295"]
[BlackElo "2150"]
[PlyCount "89"]
[EventDate "1995.10.??"]
[EventType "team"]
[EventRounds "15"]
[EventCountry "GER"]
[SourceTitle "Bundesliga 9596"]
[Source "DeepChess"]
[SourceDate "2005.01.01"]
[SourceVersion "1"]
[SourceVersionDate "2005.01.01"]
[SourceQuality "1"]
[WhiteTeam "SK Passau 1869"]
[BlackTeam "SC 1868 Bamberg e.V."]
[WhiteTeamCountry "GER"]
[BlackTeamCountry "GER"]

1. e4 c5 2. d3 g6 3. Nc3 Nc6 4. g3 Bg7 5. Bg2 e6 6. Be3 d6 7. Qd2 Rb8 8. Nd1 b5
9. Ne2 Ne5 10. h3 Bb7 11. f4 Nd7 12. O-O d5 13. exd5 Bxd5 14. Bxd5 exd5 15. d4
c4 16. f5 Ne7 17. Bg5 f6 18. Bf4 Rb6 19. fxg6 hxg6 20. Nf2 g5 21. Be3 Re6 22.
a4 b4 23. Ng4 Qb8 24. Rae1 Rxh3 25. Kg2 Rh8 26. b3 f5 27. Bxg5 fxg4 28. Nf4
Rxe1 29. Rxe1 Bf6 30. Ng6 Rh3 31. Bf4 Qb6 32. a5 Qb7 33. Qe2 Rh7 34. Qe6 Rg7
35. Bd6 Qc6 36. Nxe7 Bxe7 37. Qh6 cxb3 38. Qxg7 Qxd6 39. Qg8+ Nf8 40. cxb3 Qc6
41. Qxg4 Qc2+ 42. Re2 Qxb3 43. Qc8+ Kf7 44. Rf2+ Bf6 45. Qf5 1-0

[Event "Bundesliga 9596"]
[Site "Deutschland"]
[Date "1996.??.??"]
[Round "?.1"]
[White "Pfleger, Helmut"]
[Black "Rozentalis, Eduardas"]
[Result "1/2-1/2"]
[WhiteElo "2490"]
[BlackElo "2605"]
[PlyCount "36"]
[EventDate "1995.10.??"]
[EventType "team"]
[EventRounds "15"]
[EventCountry "GER"]
[SourceTitle "Bundesliga 9596"]
[Source "DeepChess"]
[SourceDate "2005.01.01"]
[SourceVersion "1"]
[SourceVersionDate "2005.01.01"]
[SourceQuality "1"]
[WhiteTeam "SC 1868 Bamberg e.V."]
[BlackTeam "SK Zaehringen 1921"]
[WhiteTeamCountry "GER"]
[BlackTeamCountry "GER"]

1. c4 e6 2. d4 Nf6 3. Nf3 b6 4. g3 Bb7 5. Bg2 Be7 6. O-O O-O 7. Nc3 Ne4 8. Qc2
Nxc3 9. Qxc3 f5 10. b3 Bf6 11. Bb2 d6 12. Qd2 Nd7 13. Rad1 Qe7 14. Ne1 Bxg2 15.
Nxg2 Bg5 16. Qc2 Nf6 17. e3 Qf7 18. d5 Rae8 1/2-1/2

[Event "Bundesliga 9596"]
[Site "Deutschland"]
[Date "1996.??.??"]
[Round "?.3"]
[White "Pribyl, Josef"]
[Black "Siegel, Georg"]
[Result "1/2-1/2"]
[WhiteElo "2405"]
[BlackElo "2455"]
[PlyCount "33"]
[EventDate "1995.10.??"]
[EventType "team"]
[EventRounds "15"]
[EventCountry "GER"]
[SourceTitle "Bundesliga 9596"]
[Source "DeepChess"]
[SourceDate "2005.01.01"]
[SourceVersion "1"]
[SourceVersionDate "2005.01.01"]
[SourceQuality "1"]
[WhiteTeam "SC 1868 Bamberg e.V."]
[BlackTeam "SK Zaehringen 1921"]
[WhiteTeamCountry "GER"]
[BlackTeamCountry "GER"]

1. c4 Nf6 2. Nf3 e6 3. g3 d5 4. b3 Be7 5. Bb2 O-O 6. Bg2 c5 7. O-O Nc6 8. e3 b6
9. d3 Bb7 10. Nc3 dxc4 11. dxc4 Nb4 12. Qb1 Qb8 13. Rd1 Rd8 14. a3 Nc6 15. Qc2
Na5 16. Rxd8+ Qxd8 17. Rd1 1/2-1/2

[Event "Bundesliga 9596"]
[Site "Deutschland"]
[Date "1996.??.??"]
[Round "?.4"]
[White "Mohr, Stefan"]
[Black "Meister, Peter"]
[Result "1-0"]
[WhiteElo "2440"]
[BlackElo "2385"]
[PlyCount "91"]
[EventDate "1995.10.??"]
[EventType "team"]
[EventRounds "15"]
[EventCountry "GER"]
[SourceTitle "Bundesliga 9596"]
[Source "DeepChess"]
[SourceDate "2005.01.01"]
[SourceVersion "1"]
[SourceVersionDate "2005.01.01"]
[SourceQuality "1"]
[WhiteTeam "SK Zaehringen 1921"]
[BlackTeam "SC 1868 Bamberg e.V."]
[WhiteTeamCountry "GER"]
[BlackTeamCountry "GER"]

1. d4 d5 2. c4 e6 3. Nc3 Nf6 4. cxd5 exd5 5. Bg5 c6 6. Qc2 Be7 7. e3 Nbd7 8.
Bd3 O-O 9. Nf3 Re8 10. h3 Nf8 11. O-O-O a5 12. g4 a4 13. Nxa4 Qa5 14. Nc3 b5
15. Bxf6 Bxf6 16. g5 Be7 17. Ne5 Bxg5 18. Nxc6 Qb6 19. h4 Bd8 20. Nxd5 Qb7 21.
Kb1 Bd7 22. Ndb4 Ba5 23. Nxa5 Rxa5 24. d5 Ra4 25. Qd2 Ng6 26. Bxg6 hxg6 27. f3
Qa7 28. Rhe1 Qc5 29. a3 Qd6 30. Rg1 Raa8 31. e4 f5 32. h5 fxe4 33. Rxg6 Qe5 34.
f4 Qxh5 35. Rdg1 Re7 36. Qd4 Qh7 37. d6 Rf7 38. Rxg7+ Rxg7 39. Qd5+ Kf8 40.
Qxa8+ Kf7 41. Qd5+ Kf8 42. Rxg7 Kxg7 43. Qg5+ Kf8 44. Qf6+ Ke8 45. Nd5 e3+ 46.
Ka2 1-0

[Event "Bundesliga 9596"]
[Site "Deutschland"]
[Date "1996.??.??"]
[Round "?.6"]
[White "Schmaltz, Roland"]
[Black "Loew, Gerald"]
[Result "1-0"]
[WhiteElo "2455"]
[BlackElo "2285"]
[PlyCount "83"]
[EventDate "1995.10.??"]
[EventType "team"]
[EventRounds "15"]
[EventCountry "GER"]
[SourceTitle "Bundesliga 9596"]
[Source "DeepChess"]
[SourceDate "2005.01.01"]
[SourceVersion "1"]
[SourceVersionDate "2005.01.01"]
[SourceQuality "1"]
[WhiteTeam "SK Zaehringen 1921"]
[BlackTeam "SC 1868 Bamberg e.V."]
[WhiteTeamCountry "GER"]
[BlackTeamCountry "GER"]

1. e4 c5 2. Nf3 Nc6 3. d4 cxd4 4. Nxd4 Nf6 5. Nc3 e5 6. Ndb5 d6 7. Bg5 a6 8.
Na3 b5 9. Bxf6 gxf6 10. Nd5 f5 11. c3 Bg7 12. exf5 Bxf5 13. Nc2 Be6 14. g3 Ne7
15. Bg2 Rc8 16. Nce3 O-O 17. O-O Kh8 18. a4 Nxd5 19. Bxd5 Rc5 20. axb5 axb5 21.
Ra6 Bxd5 22. Nxd5 Qd7 23. Qd3 Re8 24. Rd1 e4 25. Qe2 Be5 26. Qxe4 Bxc3 27. Rxd6
Rxe4 28. Rxd7 Bxb2 29. Rxf7 Kg8 30. Rb7 Bd4 31. Rxd4 Rc1+ 32. Kg2 Rxd4 33. Nf6+
Kf8 34. Nxh7+ Ke8 35. Rxb5 Rc2 36. Rf5 Ke7 37. Ng5 Rdd2 38. h4 Re2 39. h5 Rc6
40. g4 Ra2 41. Ne4 Ra4 42. f3 1-0

[Event "Bundesliga 9596"]
[Site "Deutschland"]
[Date "1996.??.??"]
[Round "?.7"]
[White "Kestler, Hans Guenther"]
[Black "Weidemann, Joerg"]
[Result "1/2-1/2"]
[WhiteElo "2345"]
[BlackElo "2310"]
[PlyCount "74"]
[EventDate "1995.10.??"]
[EventType "team"]
[EventRounds "15"]
[EventCountry "GER"]
[SourceTitle "Bundesliga 9596"]
[Source "DeepChess"]
[SourceDate "2005.01.01"]
[SourceVersion "1"]
[SourceVersionDate "2005.01.01"]
[SourceQuality "1"]
[WhiteTeam "SC 1868 Bamberg e.V."]
[BlackTeam "SK Zaehringen 1921"]
[WhiteTeamCountry "GER"]
[BlackTeamCountry "GER"]

1. Nf3 f5 2. d4 Nf6 3. c4 g6 4. Nc3 Bg7 5. g3 O-O 6. Bg2 d6 7. O-O Nc6 8. Bg5
Ne4 9. Bd2 Nxd2 10. Qxd2 e5 11. dxe5 dxe5 12. Qxd8 Rxd8 13. e4 Be6 14. Nd5 Rac8
15. Ng5 Bd7 16. Rfd1 h6 17. Nf3 Kf7 18. h4 Nd4 19. Nxd4 exd4 20. Nf4 c6 21. Nd3
b6 22. Re1 fxe4 23. Bxe4 Bg4 24. f3 Bd7 25. Re2 Bf6 26. Rae1 h5 27. Kg2 Rg8 28.
f4 Rge8 29. Nf2 Kg7 30. Bd3 Rxe2 31. Rxe2 c5 32. f5 gxf5 33. Nh3 Rf8 34. Nf4
Kh6 35. Kf2 Rf7 36. Nd5 f4 37. Nxf6 fxg3+ 1/2-1/2

[Event "Bundesliga 9596"]
[Site "Deutschland"]
[Date "1996.??.??"]
[Round "?.8"]
[White "Gruenenwald, Joerg"]
[Black "Rupp, Markus"]
[Result "1/2-1/2"]
[WhiteElo "2295"]
[BlackElo "2330"]
[PlyCount "33"]
[EventDate "1995.10.??"]
[EventType "team"]
[EventRounds "15"]
[EventCountry "GER"]
[SourceTitle "Bundesliga 9596"]
[Source "DeepChess"]
[SourceDate "2005.01.01"]
[SourceVersion "1"]
[SourceVersionDate "2005.01.01"]
[SourceQuality "1"]
[WhiteTeam "SK Zaehringen 1921"]
[BlackTeam "SC 1868 Bamberg e.V."]
[WhiteTeamCountry "GER"]
[BlackTeamCountry "GER"]

1. d4 Nf6 2. c4 g6 3. Nc3 Bg7 4. e4 d6 5. f3 O-O 6. Be3 Nbd7 7. Qd2 c5 8. Nh3
a6 9. Nf2 cxd4 10. Bxd4 Nh5 11. Bxg7 Nxg7 12. Be2 Ne5 13. g4 Nc6 14. O-O-O Ne6
15. Qe3 Qa5 16. Rd5 Nc5 17. Nd3 1/2-1/2

[Event "Bundesliga 9596"]
[Site "Deutschland"]
[Date "1996.??.??"]
[Round "?.1"]
[White "Van der Sterren, Paul"]
[Black "Pribyl, Martin"]
[Result "1/2-1/2"]
[WhiteElo "2535"]
[BlackElo "2325"]
[PlyCount "57"]
[EventDate "1995.10.??"]
[EventType "team"]
[EventRounds "15"]
[EventCountry "GER"]
[SourceTitle "Bundesliga 9596"]
[Source "DeepChess"]
[SourceDate "2005.01.01"]
[SourceVersion "1"]
[SourceVersionDate "2005.01.01"]
[SourceQuality "1"]
[WhiteTeam "SV Castrop Rauxel 1923"]
[BlackTeam "SC 1868 Bamberg e.V."]
[WhiteTeamCountry "GER"]
[BlackTeamCountry "GER"]

1. c4 Nf6 2. Nc3 d5 3. d4 g6 4. Nf3 Bg7 5. Qb3 dxc4 6. Qxc4 O-O 7. e4 Na6 8.
Be2 c5 9. d5 e6 10. O-O exd5 11. exd5 Re8 12. Be3 Bf5 13. Rad1 Qb6 14. d6 h6
15. Rd2 Be6 16. Qa4 Red8 17. Rfd1 Qb4 18. Bxa6 bxa6 19. Ne5 Qxa4 20. Nxa4 Ne4
21. Nc6 Nxd2 22. Nxd8 Rxd8 23. Rxd2 Bf8 24. Nxc5 Bxa2 25. Bf4 Bc4 26. d7 Bxc5
27. Bc7 Bb4 28. Rd4 Bc5 29. Rd2 1/2-1/2

[Event "Bundesliga 9596"]
[Site "Deutschland"]
[Date "1996.??.??"]
[Round "?.2"]
[White "Pribyl, Josef"]
[Black "Hoffmann, Michael"]
[Result "1/2-1/2"]
[WhiteElo "2405"]
[BlackElo "2460"]
[PlyCount "88"]
[EventDate "1995.10.??"]
[EventType "team"]
[EventRounds "15"]
[EventCountry "GER"]
[SourceTitle "Bundesliga 9596"]
[Source "DeepChess"]
[SourceDate "2005.01.01"]
[SourceVersion "1"]
[SourceVersionDate "2005.01.01"]
[SourceQuality "1"]
[WhiteTeam "SC 1868 Bamberg e.V."]
[BlackTeam "SV Castrop Rauxel 1923"]
[WhiteTeamCountry "GER"]
[BlackTeamCountry "GER"]

1. Nf3 Nf6 2. c4 c5 3. g3 b6 4. Bg2 Bb7 5. b3 e6 6. Bb2 Be7 7. O-O O-O 8. e3 d5
9. d3 a6 10. Nc3 Nbd7 11. Qe2 Bc6 12. Rfd1 b5 13. Rac1 Qb6 14. cxd5 Nxd5 15. d4
Qb7 16. Nxd5 Bxd5 17. dxc5 Nxc5 18. Ne1 Rfd8 19. Qg4 g6 20. Rxd5 Rxd5 21. Bd4
Rc8 22. Bxd5 exd5 23. Bxc5 Rxc5 24. Rxc5 Bxc5 25. Nc2 h5 26. Qd1 Be7 27. h4 Kg7
28. Qd3 Qc6 29. Kf1 Qc8 30. Ke2 Qc7 31. Kd2 Bf6 32. a3 Qe5 33. Nd4 Qe7 34. b4
Qc7 35. Qc3 Qe7 36. Qd3 Qd7 37. Nb3 Qc6 38. Nd4 Qc8 39. Qc2 Qg4 40. Qd3 Qh3 41.
Nb3 Qg2 42. Ke2 Be5 43. Ke1 Qh1+ 44. Ke2 Qg2 1/2-1/2

[Event "Bundesliga 9596"]
[Site "Deutschland"]
[Date "1996.??.??"]
[Round "?.3"]
[White "Watson, William N"]
[Black "Meister, Peter"]
[Result "1/2-1/2"]
[WhiteElo "2530"]
[BlackElo "2385"]
[PlyCount "70"]
[EventDate "1995.10.??"]
[EventType "team"]
[EventRounds "15"]
[EventCountry "GER"]
[SourceTitle "Bundesliga 9596"]
[Source "DeepChess"]
[SourceDate "2005.01.01"]
[SourceVersion "1"]
[SourceVersionDate "2005.01.01"]
[SourceQuality "1"]
[WhiteTeam "SV Castrop Rauxel 1923"]
[BlackTeam "SC 1868 Bamberg e.V."]
[WhiteTeamCountry "GER"]
[BlackTeamCountry "GER"]

1. e4 e6 2. d4 d5 3. Nc3 Nc6 4. Nf3 Nf6 5. e5 Ne4 6. Bd3 Bb4 7. Bd2 Nxd2 8.
Qxd2 f6 9. Bb5 Bd7 10. exf6 gxf6 11. O-O a6 12. Bxc6 Bxc6 13. Rfe1 Kd7 14. a3
Bd6 15. Ne2 Qg8 16. Nf4 Re8 17. Nd3 b6 18. Re3 Qg4 19. Nb4 Rhg8 20. g3 Bb7 21.
Qe2 c5 22. Nxa6 c4 23. Nb4 h5 24. c3 h4 25. Re1 hxg3 26. fxg3 Bf4 27. Qc2 Bxe3+
28. Rxe3 Qg6 29. Qa4+ Kc7 30. Qa7 Qb1+ 31. Re1 Qxe1+ 32. Nxe1 Ra8 33. Na6+ Kc6
34. Nb4+ Kc7 35. Na6+ Kc6 1/2-1/2

[Event "Bundesliga 9596"]
[Site "Deutschland"]
[Date "1996.??.??"]
[Round "?.4"]
[White "Loew, Gerald"]
[Black "Libeau, Rene"]
[Result "1/2-1/2"]
[WhiteElo "2285"]
[BlackElo "2460"]
[PlyCount "141"]
[EventDate "1995.10.??"]
[EventType "team"]
[EventRounds "15"]
[EventCountry "GER"]
[SourceTitle "Bundesliga 9596"]
[Source "DeepChess"]
[SourceDate "2005.01.01"]
[SourceVersion "1"]
[SourceVersionDate "2005.01.01"]
[SourceQuality "1"]
[WhiteTeam "SC 1868 Bamberg e.V."]
[BlackTeam "SV Castrop Rauxel 1923"]
[WhiteTeamCountry "GER"]
[BlackTeamCountry "GER"]

1. e4 e6 2. d4 d5 3. Nd2 Nf6 4. e5 Nfd7 5. Bd3 c5 6. c3 Nc6 7. Ngf3 Qb6 8. O-O
cxd4 9. cxd4 Nxd4 10. Nxd4 Qxd4 11. Nf3 Qb6 12. Qa4 Be7 13. Qg4 O-O 14. Bh6 g6
15. Bxf8 Bxf8 16. b3 Nb8 17. h4 Nc6 18. h5 Bg7 19. Rfe1 Bd7 20. Rac1 a5 21. Qf4
Qb4 22. Qxb4 Nxb4 23. Bb1 Nc6 24. g3 a4 25. bxa4 Rxa4 26. hxg6 hxg6 27. Kg2 Bh6
28. Rcd1 g5 29. Rh1 Kg7 30. Rh5 g4 31. Nh2 Ne7 32. Rh4 Bb5 33. Nxg4 Be2 34.
Rdh1 Bxg4 35. Rxh6 Bf5 36. Bxf5 Nxf5 37. Rh7+ Kg6 38. Rh8 f6 39. exf6 Kxf6 40.
Rb8 Nd6 41. Rh6+ Kf5 42. Rf8+ Ke5 43. f4+ Kd4 44. Rxe6 Rxa2+ 45. Kh3 Ne4 46.
Rb6 Ra3 47. Rg8 Kc5 48. Rxb7 d4 49. Re7 Re3 50. Rge8 d3 51. Re5+ Kd4 52. Rd8+
Kc3 53. Kh4 Nxg3 54. Rxe3 Nf5+ 55. Kg4 Nxe3+ 56. Kf3 Nf5 57. Ke4 Ng3+ 58. Ke3
Nf5+ 59. Ke4 Ng3+ 60. Ke3 Nf5+ 61. Kf2 Nd4 62. Ke1 Nc2+ 63. Kd1 Ne3+ 64. Kc1
Nc4 65. Rd7 Ne3 66. Rc7+ Kd4 67. Kd2 Nc4+ 68. Ke1 Ne3 69. Kd2 Nc4+ 70. Ke1 Ne3
71. Kd2 1/2-1/2

[Event "Bundesliga 9596"]
[Site "Deutschland"]
[Date "1996.??.??"]
[Round "?.5"]
[White "Appel, Ralf"]
[Black "Kestler, Hans Guenther"]
[Result "1-0"]
[WhiteElo "2450"]
[BlackElo "2345"]
[PlyCount "77"]
[EventDate "1995.10.??"]
[EventType "team"]
[EventRounds "15"]
[EventCountry "GER"]
[SourceTitle "Bundesliga 9596"]
[Source "DeepChess"]
[SourceDate "2005.01.01"]
[SourceVersion "1"]
[SourceVersionDate "2005.01.01"]
[SourceQuality "1"]
[WhiteTeam "SV Castrop Rauxel 1923"]
[BlackTeam "SC 1868 Bamberg e.V."]
[WhiteTeamCountry "GER"]
[BlackTeamCountry "GER"]

1. Nf3 Nf6 2. g3 g6 3. Bg2 Bg7 4. O-O O-O 5. c4 d6 6. Nc3 e5 7. b4 a5 8. b5
Nbd7 9. Ba3 Re8 10. Rc1 Rb8 11. e3 h6 12. d4 exd4 13. Nxd4 Nc5 14. Bxc5 dxc5
15. Nde2 Bg4 16. Qa4 Bxe2 17. Nxe2 b6 18. Bc6 Re5 19. Rfd1 Qe7 20. Nf4 h5 21.
Rd3 g5 22. Nd5 Nxd5 23. Bxd5 Rd8 24. Qd1 Rd6 25. Qxh5 Rexd5 26. Rxd5 Rxd5 27.
cxd5 c4 28. h4 gxh4 29. gxh4 c3 30. Qg5 Qc5 31. h5 Kh7 32. Kh1 Qc4 33. Rg1 Qe4+
34. Rg2 Be5 35. Qg8+ Kh6 36. Qf8+ Kxh5 37. Qxf7+ Kh6 38. Qe6+ Kh5 39. f4 1-0